000 00847nam a2200289Ia 4500
005 20260324142530.0
008 008 260324s9999 xx 000 0 eng d
020 _a9781315789200
037 _aEBOOK
040 _aCRL
040 _beng
040 _cCRL
041 _2eng
041 _aeng
084 _qCRL
100 _aBarbara Lust; Gabriella Hermon; Margarita Su¤er; John Whitman
_91212286
245 0 _aSyntactic Theory and First Language Acquisition
245 0 _bCross-linguistic Perspectives -- Volume 1: Heads, Projections, and Learnability -- Volume 2: Binding, Dependencies, and Learnability
260 _bTaylor and Francis
260 _c1994
365 _a
365 _b145
856 _uhttp://www.taylorfrancis.com/books/9781315789200
942 _cEBOOK
999 _c1816594
_d1816594